Stati con più Induisti in Europa - Statistics

Statistiche generali
  • Questo quiz è stato fatto 13 volte
  • Il punteggio medio è 9 su 10
Statistiche sulle risposte
Induisti (in numeri assoluti) Stato % Corretto
121 000 Francia
100%
100 000 Germania
100%
108 950 Italia
100%
1 020 000 Regno Unito
100%
96 110 Paesi Bassi
92%
28 708 Svizzera
83%
11 000 Austria
75%
14 300 Irlanda
75%
23 140 Norvegia
67%
42 386 Ucraina
58%
Nessun quiz corrispondente trovato
Distribuzione punteggi
Percentuale di utenti per punteggio
Percentile per numero di risposta
I tuoi punteggi nel tempo
Non hai fatto questo quiz